000 00528nam a2200181Ia 4500
008 090123s9999 xx 000 0 und d
082 _b7681
_a891.463/मंगेश
100 _aमंगेशकर गीता
245 _aअलंकार
250 _a1
260 _bप्रिया प्रकाशन
300 _a231
600 _aमंगेशकर गीता
630 _aअलंकार
700 _aमंगेशकर गीता
730 _aअलंकार
942 _cBOOK
999 _c45747
_d45747